• 首页
  • 本馆介绍
  • 公告通知
  • 最新文献
  • 馆藏检索
  • 电子资源
  • 读者导购
  • 参考咨询
  • 我的图书馆
  • 登录
  • 详细信息显示
  • 放入我的书架
  • 预约/预借图书
  • 作者相关作品
  • 分类相关作品
  • 丛书相关作品
  • 出版社相关作品

书目信息

  • 表格格式
  • 工作单格式
  • 卡片格式
题名:
江南牡丹
    
 
作者: 胡永红 , 韩继刚 著
分册:  
出版信息: 北京   科学出版社  2018.06
页数: 226页
开本: 26cm
丛书名:
单 册:
中图分类: S685.11 , S685.8-64
科图分类:
主题词: 牡丹--栽培技术
电子资源:
ISBN: 978-7-03-042066-4
000 00965nam0 2200253 450
001 679
005 20180924095131.31
010    @a978-7-03-042066-4@dCNY220.00
100    @a20180913d2018 em y0chiy50 ea
101 0  @achi
102    @aCN@b110000
105    @aa z 000yy
200 1  @a江南牡丹@9jiang nan mu dan@e资源、栽培及应用@dTree peony, its varieties, cultivation and use in east China@f胡永红,韩继刚著@zeng
210    @a北京@c科学出版社@d2018.06
215    @a226页@c彩图@d26cm
330    @a本书介绍了江南牡丹的栽培历史与现状、遗传资源、适生品种、新品种选育、栽培和繁殖、花期调控、病虫害防治、园林应用,以及江南药用牡丹、油用牡丹的栽培和应用。
510 1  @aTree peony, its varieties, cultivation and use in east China@zeng
606 0  @a牡丹@x栽培技术
690    @aS685.11@v5
690    @aS685.8-64@v4
701  0 @a胡永红@9hu yong hong@4著
701  0 @a韩继刚@9han ji gang@4著
801  0 @aCN@b91MARC@c20180913
905    @aMuseLib@dS685.8-64@e454
    
    江南牡丹:资源、栽培及应用=Tree peony, its varieties, cultivation and use in east China/胡永红,韩继刚著.-北京:科学出版社,2018.06
    226页:彩图;26cm
    
    
    ISBN 978-7-03-042066-4:CNY220.00
    本书介绍了江南牡丹的栽培历史与现状、遗传资源、适生品种、新品种选育、栽培和繁殖、花期调控、病虫害防治、园林应用,以及江南药用牡丹、油用牡丹的栽培和应用。
●
相关链接 在E读中查询图书 在五车中查询图书 在当当中查询图书 在豆瓣中查询图书


正题名:江南牡丹     索取号:S685.8-64/454         预约/预借

序号 登录号 条形码 馆藏地/架位号 状态 备注
1 1120146   211201466   第二样本阅览室/ [索取号:S685.8-64/454] 在馆    
2 1120147   211201475   第三借阅区/ [索取号:S685.8-64/454] 在馆    
唐山师范学院图书馆 欢迎您!
大连网信软件有限公司© 版权所有